Personnages d'anime (manga) en images - R - Statistiques

Statistiques générales
  • Ce quiz a été pris 177 fois
    152 depuis la dernière actualisation
  • Le résultat moyen est 3 sur 20
Statistiques - réponses
Par images Réponse % Correct
Ryuk
98%
Rin Okumura
68%
Ryo Kurokiba
24%
Ryusui Nanami
20%
Riko Aida
16%
Ranpo Edogawa
15%
Rei Ogami
12%
Rak Wraithraiser
11%
Ranga
10%
Rikka Takanashi
7%
Ruijerd Superdia
6%
Rory Mercury
3%
Ryokan Kurita
3%
Raiden Shuga
2%
Ratio
2%
Rentaro Satomi
2%
Rokuro Enmado
2%
Ruth
2%
Raijinmaru
1%
Rimu
1%
Aucun quiz correspondant
Distribution des résultats
% des personnes avec chaque résultat
Percentile par nombre de réponses
Votre historique - résultats
Vous n’avez pas pris ce quiz depuis la dernière actualisation